000 00583nam a2200217 a 4500
001 5046
003 CO-ViMGA
008 141112s2004 ck r 000 u spa d
020 _a9501261131
040 _aCO-ViMGA
_bspa
_cCO-ViMGA
082 0 4 _a371.102 C677
100 1 _aCamisdlloni Alicia W. de y otros
_93277
245 1 0 _aCorrientes didácticas contemporáneas
250 _a1
260 _aBuenos Aires,
_c1996 Paidos
300 _a167 p
490 _aBiblioteca : cuestiones de educación.
650 1 4 _aDIDACTICA MODERNA
_93278
650 1 4 _aENSEÑANZA
942 _2ddc
_cBK
999 _c17047
_d17047